| 000 | 00664nam a2200217Ia 4500 | ||
|---|---|---|---|
| 005 | 20250508165554.0 | ||
| 008 | 008 250505s9999 xx 000 0 eng d | ||
| 020 | _a978--1-4462-9538-0 | ||
| 037 | _aReference | ||
| 040 |
_aFEDL _beng _cFEDL |
||
| 041 |
_aeng _2eng |
||
| 084 |
_a306.44, AND/RR _qFEDL |
||
| 100 | _aAndresen Julie Tetel | ||
| 245 | 0 | _aLanguages in the world: How history, culture and politics shape language | |
| 260 |
_aMalden, USA _bJohn Weley and Sons, Inc. _c2016 |
||
| 300 | _axxi, 377p. | ||
| 365 |
_aUSD _b44.95 |
||
| 700 |
_a Carter Phillip M _9781223 |
||
| 942 |
_cREF _h306.44, AND/RR |
||
| 999 |
_c1395942 _d1395942 |
||